Statistics for Daily Country Riddle #29

Click here to take the quiz!

General Stats

  • This quiz has been taken 172 times
  • The average score is 14 of 17

Answer Stats

TypeAnswer% Correct
Found LetterA
100%
Found LetterI
94%
Found LetterN
91%
Found LetterO
89%
Correctly Placed LetterA
88%
Found LetterL
88%
Found LetterM
88%
Correctly Placed LetterI
87%
Correctly Placed LetterO
86%
Found LetterO
82%
Found LetterG
80%
Correctly Placed LetterN
79%
Correctly Placed LetterM
78%
Correctly Placed LetterO
77%
Correctly Placed LetterG
75%
Correctly Placed LetterL
74%
Mystery CountryMongolia
74%

Score Distribution

Percentile by Number Answered

Percent of People with Each Score

Your Score History

You have not taken this quiz